000 00648nam a2200241Ia 4500
003 OSt
005 20220918231003.0
006 a|||||r|||| 00| 0
007 ta
008 220917b |||||||| |||| 00| 0 eng d
024 _a262,306
037 _cTextual
040 _aARTS
_cARTS
_beng
041 _2eng
_aeng
082 _aS6, K4;L6
100 _aColeman James C.
245 0 _aAbnormal psychology and modern life
260 _aBombay
_bD. B. Taraporevala Sons & Co. Private Limited
_c1976
300 _a816p.
_ccm.
650 _aPSYCHOLOGY
942 _hS6, K4;L6
_cTEXL
_2CC
999 _c289507
_d289507